| 000 | 02005cam a22004697a 4500 | ||
|---|---|---|---|
| 003 | CHAP | ||
| 005 | 20240409124323.0 | ||
| 008 | 010926s2000 mx r 00010 spa d | ||
| 010 | _a85692 | ||
| 011 | _a86664 | ||
| 020 | _a9688847453 | ||
| 035 | _a97203 | ||
| 040 | _cCHAP | ||
| 082 | 0 | 4 |
_a338.972 _bM54 |
| 100 | 0 | 0 |
_aMata García, Bernardino _ecoord. _972863 |
| 245 | 1 | 0 |
_aMéxico rural : _bpolíticas para su reconstrucción _c/ coord. por Bernardino Mata García y Clemente Villanueva Verduzco |
| 260 |
_aChapingo, Méx. : _bUACH. Grupo Interdisciplinario de Estudios Estratégicos para el Desarrollo Rural y Agroindustrial, _c2001. |
||
| 300 | _a393 p. | ||
| 590 |
_aBATCH-UPD _b10 _c20130110 _lUCH01 _h0852 |
||
| 590 |
_aBATCH-UPD _b10 _c20130410 _lUCH01 _h0524 |
||
| 590 |
_aBATCH-UPD _b10 _c20130914 _lUCH01 _h1152 |
||
| 590 |
_aCONVERSION _b10 _c20130109 _lUCH01 _h1348 |
||
| 650 | 0 | 4 | _aDesarrollo económico. |
| 650 | 0 | 4 |
_aDesarrollo rural. _932067 |
| 650 | 0 | 4 |
_aEducación agrícola _zMéxico. _935552 |
| 650 | 0 | 4 | _aEducación superior. |
| 650 | 0 | 4 |
_aGlobalización. _948300 |
| 650 | 0 | 4 |
_aNeoliberalismo. _980855 |
| 650 | 0 | 4 |
_aPolítica económica _zMéxico. _990535 |
| 700 | 1 |
_aVillanueva Verduzco, Clemente _9119524 |
|
| 901 | _aBK | ||
| 905 | _aAlejandra Carrasco M. | ||
| 942 | _cLIBRO | ||
| 949 |
_a338.972 M54 _bBC _cLIBRO _d33724000864815 _eLIBRO _fc.2 _h102535 _i97203 _si |
||
| 949 |
_a338.972 M54 _bBC _cLIBRO _d33724000864872 _eLIBRO _h102534 _i97203 _si |
||
| 949 |
_a338.972 M54 _bBC _cLIBRO _d33724000865481 _eLIBRO _fc.3 _h102536 _i97203 _si |
||
| 949 |
_a338.972 M54 _bBC _cLIBRO _d33724002137629 _eLIBRO _fc.5 _gI.c/e _h111511 _i97203 _sb |
||
| 949 |
_a338.972 M54 _bBC _cLIBRO _d33724002137660 _eLIBRO _fc.6 _gI.c/e _h111512 _i97203 _sb |
||
| 949 |
_a338.972 M54 _bBC _cLIBRO _d33724002137702 _eLIBRO _fc.7 _gI.c/e _h111513 _i97203 _sb |
||
| 949 |
_a338.972 M54 _bBC _cLIBRO _d33724002138397 _eLIBRO _fc.8 _gI.c/e _h111514 _i97203 _sb |
||
| 949 |
_a338.972 M54 _bBC _cUACH _d33724000865424 _eUACH _fc.4 _h102537 _i97203 _sb |
||
| 999 |
_c85692 _d85692 |
||